Statistics for Horror Movies Released in the 2010s

Click here to take the quiz!

General Stats

  • This quiz has been taken 254 times
  • The average score is 8 of 15

Answer Stats

HintAnswer% Correct
Once a year the government declares all criminal activity legal for 12 hours. This centers on one rich family that find themselves in the middle of the action.Purge, The
89%
A shapeshifting entity stalks promiscuous teens, as a new age deadly STD.It Follows
73%
Set in the 1970s, two paranormal investigators must investigate a farmhouse with a distrubing history. Has spawned a sequel and spin-off series.Conjuring, The
71%
A myserious pop-up book terrorizes a widowed mother and her misbehaving son.Babadook, The
68%
Shot on a character's laptop, an online group chat is interrupted by an uninivted caller. Facebook, suicide, and bullying are main themes in this "millennial" horror movie.Unfriended
63%
A family enlists the help of a demonologist as evil spirits from The Further use their comatose son to enter the physical world. A father must "tip toe through the tulips" to save his son.Insidious
61%
A remake of the 1981 iconic horror movie where five friends find a demonic book in a cabin's cellar, while trying to help a friend overcome her drug addiction.Evil Dead, The
58%
Ethan Hawke is a writer past his prime who discovers a myserious film showing the deaths of a family. He moves his family into the house where the crime occurred, where the family is terrorized by a demoic figure.Sinister
55%
Comedic horror movie that pokes fun at traditional horror movie stereotypes as a part of worldwide rituals as a sacrafice.Cabin in the Woods, The
52%
A wealthy but disfunctional family celebrates a wedding anniversary, until a group in animal masks crashes the party.You're Next
43%
An elevator ride goes wrong for these five strangers.Devil
41%
Another comedic horror movie about two hilbilly friends who have had a "doozy of a day" after being accused of murder by college kids.Tucker and Dale vs Evil
34%
Horror romance film about a young female vampire and a bullied boy. This is a remake from the original Swedish film.Let Me In
32%
Rob Zombie film set in Massachusetts about a DJ haunted with strange visions after listening to a music record.Lords of Salem, The
12%
Comedic horror film about outcast metal fans who summon evil with black magic.Deathgasm
10%

Score Distribution

Percentile by Number Answered

Percent of People with Each Score

Your Score History

You have not taken this quiz